MARC

LEADER 00000nam0a2200000 4500
001 319881
005 20231102003225.0
035 |a (RuTPU)RU\TPU\book\345391 
090 |a 319881 
100 |a 20160615d1952 km y0rusy50 ca 
101 0 |a rus 
102 |a UA 
105 |a a z 001zy 
200 1 |a Расчет рам способом перераспределения начальных значений неизвестных  |f П. М. Сосис 
210 |a Киев  |c Гостехиздат  |d 1952 
215 |a 140 с.  |c ил. 
320 |a Библиогр.: с. 139 
606 1 |a Рамы  |x Динамический расчет  |2 stltpush  |3 (RuTPU)RU\TPU\subj\23788  |9 48316 
610 1 |a перераспределение 
610 1 |a способы 
610 1 |a несвободные рамы 
610 1 |a замкнутые контуры 
610 1 |a однопролетные рамы 
610 1 |a многопролетные рамы 
675 |a 624.072.33  |v 4 
700 1 |a Сосис  |b П. М.  |g Петр Моисеевич 
801 1 |a RU  |b 63413507  |c 20160615 
801 2 |a RU  |b 63413507  |c 20200205  |g RCR 
942 |c BK